Εισαγωγή στην ψυχολογία της υγείας
Αποθηκεύτηκε σε:
| Κύριοι συγγραφείς: | , |
|---|---|
| Άλλοι συγγραφείς: | , , |
| Μορφή: | Βιβλίο |
| Γλώσσα: | Greek English |
| Δημοσίευση: |
Αθήνα :
Πεδίο,
2011.
|
| Σειρά: | Ψυχοκοινωνιολογία της υγείας
|
| Θέματα: | |
| Ετικέτες: |
Προσθήκη ετικέτας
Δεν υπάρχουν, Καταχωρήστε ετικέτα πρώτοι!
|
MARC
| LEADER | 00000cam a2200000 a 4500 | ||
|---|---|---|---|
| 001 | 1/109600 | ||
| 008 | 160118s2011####gr | ||| |||||||gre|| | ||
| 020 | |a 9789609552110 | ||
| 040 | |a GR-MyUa |b gre |c GR-MyUa |e AACR2 | ||
| 041 | 1 | |a gre |h eng | |
| 082 | 7 | |a 613.019 |2 (23) | |
| 100 | 1 | |a DiMatteo, M. Robin. | |
| 245 | 1 | 0 | |a Εισαγωγή στην ψυχολογία της υγείας / |c M. Robin DiMatteo, Leslie R. Martin ; επιστημονική επιμέλεια: Φώτιος Αναγνωστόπουλος και Γρηγόρης Ποταμιάνος ; μετάφραση: Ειρήνη Ραρή. |
| 260 | |a Αθήνα : |b Πεδίο, |c 2011. | ||
| 300 | |a 847 σ. : |b εικ. ; |c 30 εκ. | ||
| 490 | 1 | |a (Ψυχοκοινωνιολογία της υγείας). | |
| 500 | |a Μετάφραση του: Health psychology. | ||
| 504 | |a Βιβλιογραφία: σ. 791-838. | ||
| 650 | 0 | |a Clinical health psychology. | |
| 650 | 0 | |a Health behavior. | |
| 650 | 0 | |a Health promotion. | |
| 650 | 0 | |a Social medicine. | |
| 650 | 0 | |a Health promotion |x Psychological aspects. | |
| 700 | 1 | |a Martin, Leslie R. |e aut | |
| 700 | 1 | |a Αναγνωστόπουλος, Φώτιος, |e edt | |
| 700 | 1 | |a Ραρή, Ειρήνη, |e trlf | |
| 700 | 1 | |a Ποταμιάνος, Γρηγόρης Α. |e edt | |
| 830 | 0 | |a Ψυχοκοινωνιολογία της υγείας | |
| 852 | |a INST |b LESVOS |c EUDOXUS |e 20210521 |h 613.019 DIM |p 005100063372 |q 005100063372 |t EDX |y 0 | ||
| 852 | |a INST |b RHODES |c EUDOXUS |e 20160118 |h 613.019 DIM |p 005400038186 |q 005400038186 |t EDX |y 0 | ||
| 852 | |a INST |b RHODES |c EUDOXUS |e 20170322 |h 613.019 DIM |p 005400039208 |q 005400039208 |t EDX |y 0 | ||
| 920 | |a Εύδοξος |b Επιστροφή |y Ρόδος |z 2017-03 | ||
| 920 | |a Εύδοξος |b Παραγγελία |y Λέσβος-ΤΚ |z 2021-05 | ||
| 920 | |a Εύδοξος |b Παραγγελία |y Ρόδος-ΤΕΠΑΕΣ |z 2016-01 | ||
| 970 | |z 18-01-2016 | ||